00275nam a2200109Ia 4500008004100000082001300041100001400054245004000068260003500108300000700143650001500150191201s2001 xx 000 0 und d a677bTET aTELI, M D 0aTextile at the Dawn of 21st Century aN.DelhibMahajan Brotherc2001 a91 aB.Tech(TE)